000 00292nam a22001337a 4500
008 170308b xxu||||| |||| 00| 0 eng d
020 _a9780077559939
041 _aeng
080 _26 ED
_a611
100 _a6
101 _aSHM
245 _aANATOMY PHYSIOLOGY
_cSALADIN.K.S
942 _2udc
_cBK
999 _c7202
_d7202